000 01029nac a22002891i 4500
003 EG-ScBUE
005 20260105102948.0
008 260105t2007 maua g b 001 0 eng d
020 _a9780618590773
020 _a0618590773
040 _aEG-ScBUE
_beng
_erda
_cEG-ScBUE
_dEG-ScBUE
082 0 4 _a547
_bSTU
_222
245 0 0 _aStudy guide and solutions manual for organic chemistry :
_ba short course /
_cHarold Hart, Michigan State University [and three others]
250 _aTwelfth edition.
264 1 _aBoston :
_bHoughton Mifflin,
_c[2007]
264 4 _cc2007
300 _axxiv, 388 pages :
_billustrations ;
_c29 cm
336 _2rdacontent
_atext
_btxt
337 _aunmediated
_2rdamedia
_bn
338 _avolume
_bnc
_2rdacarrier
504 _aIncludes bibliographical references and index.
650 7 _aChemistry, Organic.
_2BUEsh
655 _vReading book
700 1 _aHart, Harold,
_d1922-
_eauthor.
856 4 1 _3Table of contents only
_uhttp://www.loc.gov/catdir/toc/fy0611/2005938340.html
942 _cBB
_2ddc
999 _c2456
_d2456